000 00601pab a2200205 454500
008 180718b2015 xxu||||| |||| 00| 0 eng d
100 _aSen, Kunal
245 _aWhere have all the workers gone?: puzzle of declining labour intensity in organised Indian manufacturing
260 _c2015
300 _ap.108-115.
362 _a6 Jun
650 _aIndia - Manufacturing industries
650 _aManufacturing industry
650 _aLabour - India
650 _aWorkers - India
650 _aLabour
700 _aDas, Deb Kusum
773 _aEconomic and Political Weekly
909 _a108678
999 _c108673
_d108673